[Event "XIII International Chess Festival"]
[Site "Paracin"]
[Date "2020.07.04"]
[Round "2.11"]
[White "Micic, Aleksa"]
[Black "Abramovic, Bosko"]
[Result "1/2-1/2"]
[BlackElo "2351"]
[WhiteElo "2008"]
[LiveChessVersion "1.4.8"]

1. e4 {[%clk 1:30:27]} c5 {[%clk 1:30:48]} 2. Nf3 {[%clk 1:30:50]} d6
{[%clk 1:31:09]} 3. d4 {[%clk 1:30:42]} cxd4 {[%clk 1:31:31]} 4. Qxd4
{[%clk 1:31:08]} Nc6 {[%clk 1:30:46]} 5. Qe3 {[%clk 1:31:30]} g6 {[%clk 1:30:34]}
6. Be2 {[%clk 1:31:36]} Bg7 {[%clk 1:30:58]} 7. O-O {[%clk 1:31:30]} Nf6
{[%clk 1:31:14]} 8. h3 {[%clk 1:31:46]} O-O {[%clk 1:31:37]} 9. Rd1
{[%clk 1:32:11]} Qc7 {[%clk 1:20:54]} 10. c4 {[%clk 1:11:57]} Bd7
{[%clk 1:14:59]} 11. Nc3 {[%clk 1:10:32]} Rfc8 {[%clk 1:15:22]} 12. Rb1
{[%clk 1:09:32]} a6 {[%clk 1:08:10]} 13. b3 {[%clk 1:08:17]} b6 {[%clk 1:08:07]}
14. Bb2 {[%clk 1:05:56]} Na5 {[%clk 1:04:39]} 15. e5 {[%clk 1:03:02]} dxe5
{[%clk 1:04:50]} 16. Nxe5 {[%clk 1:02:19]} Be8 {[%clk 1:00:36]} 17. Rbc1
{[%clk 0:52:37]} e6 {[%clk 0:59:58]} 18. Rd2 {[%clk 0:49:43]} Rd8
{[%clk 0:55:45]} 19. Rcd1 {[%clk 0:44:02]} Rxd2 {[%clk 0:48:37]} 20. Rxd2
{[%clk 0:41:18]} Rd8 {[%clk 0:46:55]} 1/2-1/2

[Event "XIII International Chess Festival"]
[Site "Paracin"]
[Date "2020.07.04"]
[Round "2.12"]
[White "Radeva, Viktoria"]
[Black "Srdanovic, Jovana"]
[Result "1-0"]
[BlackElo "2070"]
[WhiteElo "2327"]
[LiveChessVersion "1.4.8"]

1. e4 {[%clk 1:30:58]} c5 {[%clk 1:30:31]} 2. Nf3 {[%clk 1:31:22]} e6
{[%clk 1:30:52]} 3. d4 {[%clk 1:31:48]} cxd4 {[%clk 1:31:16]} 4. Nxd4
{[%clk 1:32:14]} Nf6 {[%clk 1:31:24]} 5. Nc3 {[%clk 1:32:36]} d6 {[%clk 1:31:48]}
6. Be2 {[%clk 1:32:41]} Be7 {[%clk 1:32:10]} 7. O-O {[%clk 1:32:47]} O-O
{[%clk 1:32:20]} 8. f4 {[%clk 1:32:51]} Nc6 {[%clk 1:32:06]} 9. Be3
{[%clk 1:29:25]} a6 {[%clk 1:31:49]} 10. Qe1 {[%clk 1:28:00]} Bd7
{[%clk 1:32:00]} 11. Qg3 {[%clk 1:27:55]} Nxd4 {[%clk 1:31:10]} 12. Bxd4
{[%clk 1:27:42]} Bc6 {[%clk 1:31:21]} 13. Bf3 {[%clk 1:23:32]} b5
{[%clk 1:09:07]} 14. a3 {[%clk 1:16:19]} Qd7 {[%clk 1:07:49]} 15. Kh1
{[%clk 1:15:43]} Rfc8 {[%clk 1:00:39]} 16. Rae1 {[%clk 1:08:39]} a5
{[%clk 0:55:46]} 17. e5 {[%clk 0:58:39]} dxe5 {[%clk 0:38:43]} 18. Bxe5
{[%clk 0:48:09]} Bxf3 {[%clk 0:35:39]} 19. Rxf3 {[%clk 0:47:03]} g6
{[%clk 0:35:11]} 20. Rd3 {[%clk 0:43:51]} Qc6 {[%clk 0:34:35]} 21. Qh4
{[%clk 0:42:31]} 1-0

[Event "XIII International Chess Festival"]
[Site "Paracin"]
[Date "2020.07.04"]
[Round "2.13"]
[White "Petkovic, Jovan"]
[Black "Pasti, Aron"]
[Result "0-1"]
[BlackElo "2325"]
[WhiteElo "1980"]
[LiveChessVersion "1.4.8"]

1. e4 {[%clk 1:29:43]} c5 {[%clk 1:30:55]} 2. c3 {[%clk 1:29:55]} Nf6
{[%clk 1:31:18]} 3. e5 {[%clk 1:30:16]} Nd5 {[%clk 1:31:38]} 4. Nf3
{[%clk 1:30:26]} e6 {[%clk 1:31:52]} 5. d4 {[%clk 1:30:29]} cxd4 {[%clk 1:32:15]}
6. cxd4 {[%clk 1:30:51]} d6 {[%clk 1:32:36]} 7. Qb3 {[%clk 1:28:14]} Nc6
{[%clk 1:24:34]} 8. Bc4 {[%clk 1:23:50]} dxe5 {[%clk 1:22:35]} 9. dxe5
{[%clk 1:24:06]} Bb4+ {[%clk 1:22:41]} 10. Bd2 {[%clk 1:23:35]} Bxd2+
{[%clk 1:21:41]} 11. Nbxd2 {[%clk 1:23:44]} O-O {[%clk 1:22:04]} 12. O-O
{[%clk 1:24:05]} Rb8 {[%clk 1:17:25]} 13. Rac1 {[%clk 1:22:06]} Nf4
{[%clk 1:05:55]} 14. Qe3 {[%clk 1:15:35]} Ng6 {[%clk 1:06:18]} 15. Bb5
{[%clk 1:03:56]} Bd7 {[%clk 1:05:43]} 16. Bxc6 {[%clk 0:50:26]} Bxc6
{[%clk 1:05:18]} 17. Nd4 {[%clk 0:48:47]} Bd5 {[%clk 1:05:09]} 18. f4
{[%clk 0:48:15]} Qb6 {[%clk 1:04:18]} 19. b3 {[%clk 0:40:44]} Rfd8
{[%clk 0:58:56]} 20. Nc4 {[%clk 0:35:02]} Bxc4 {[%clk 0:54:00]} 21. Rxc4
{[%clk 0:35:05]} a6 {[%clk 0:50:53]} 22. Qf2 {[%clk 0:22:42]} Rd5
{[%clk 0:49:05]} 23. Nf3 {[%clk 0:17:06]} Qa5 {[%clk 0:46:38]} 24. Rfc1
{[%clk 0:13:01]} Rbd8 {[%clk 0:46:47]} 25. Qc2 {[%clk 0:10:30]} b5
{[%clk 0:42:08]} 26. Re4 {[%clk 0:06:32]} h6 {[%clk 0:41:47]} 27. a4
{[%clk 0:03:49]} Qb6+ {[%clk 0:40:47]} 28. Kh1 {[%clk 0:03:12]} Ne7
{[%clk 0:39:36]} 29. Re2 {[%clk 0:02:35]} Nf5 {[%clk 0:38:33]} 30. Ree1
{[%clk 0:01:39]} Rd3 {[%clk 0:34:07]} 31. axb5 {[%clk 0:00:53]} Qxb5
{[%clk 0:33:55]} 32. Qc4 {[%clk 0:01:06]} Qb6 {[%clk 0:33:57]} 33. b4
{[%clk 0:01:25]} Qb7 {[%clk 0:32:34]} 34. Qe4 {[%clk 0:01:26]} Qb6
{[%clk 0:32:10]} 35. Qc6 {[%clk 0:01:33]} Qxb4 {[%clk 0:31:45]} 36. Qxa6
{[%clk 0:01:47]} Ne3 {[%clk 0:30:46]} 37. Qa2 {[%clk 0:00:46]} Qxf4
{[%clk 0:30:07]} 38. Qe2 {[%clk 0:01:15]} Nxg2 {[%clk 0:28:13]} 39. Kxg2
{[%clk 0:01:38]} Rxf3 {[%clk 0:28:34]} 40. Qxf3 {[%clk 0:01:32]} Rd2+
{[%clk 0:29:00]} 41. Re2 {[%clk 0:01:55]} Rxe2+ {[%clk 0:29:26]} 42. Qxe2
{[%clk 0:02:21]} Qxc1 {[%clk 0:29:53]} 43. Qb5 {[%clk 0:00:41]} Qg5+
{[%clk 0:30:09]} 44. Kf2 {[%clk 0:01:04]} Qf5+ {[%clk 0:30:37]} 45. Kg3
{[%clk 0:01:21]} Kh7 {[%clk 0:31:05]} 46. Qc5 {[%clk 0:01:17]} f6
{[%clk 0:31:24]} 0-1

[Event "XIII International Chess Festival"]
[Site "Paracin"]
[Date "2020.07.04"]
[Round "2.14"]
[White "Pastar, Slaven"]
[Black "Colic, Nikola"]
[Result "1-0"]
[BlackElo "1992"]
[WhiteElo "2323"]
[LiveChessVersion "1.4.8"]

1. d4 {[%clk 1:30:42]} f5 {[%clk 1:30:48]} 2. Bg5 {[%clk 1:31:05]} c6
{[%clk 1:30:03]} 3. e3 {[%clk 1:31:04]} d6 {[%clk 1:30:12]} 4. Bd3
{[%clk 1:30:29]} Nf6 {[%clk 1:30:12]} 5. Bxf6 {[%clk 1:30:03]} exf6
{[%clk 1:30:21]} 6. Ne2 {[%clk 1:27:09]} Na6 {[%clk 1:29:14]} 7. c3
{[%clk 1:26:47]} Nc7 {[%clk 1:29:37]} 8. h4 {[%clk 1:24:30]} g6 {[%clk 1:25:32]}
9. h5 {[%clk 1:22:32]} Bg7 {[%clk 1:24:02]} 10. Nd2 {[%clk 1:15:32]} Qe7
{[%clk 1:18:34]} 11. hxg6 {[%clk 1:13:25]} hxg6 {[%clk 1:18:53]} 12. Rxh8+
{[%clk 1:13:44]} Bxh8 {[%clk 1:19:16]} 13. g4 {[%clk 1:11:46]} Qh7
{[%clk 1:09:45]} 14. Qc2 {[%clk 1:10:01]} Bd7 {[%clk 1:04:44]} 15. gxf5
{[%clk 1:08:18]} g5 {[%clk 1:01:55]} 16. O-O-O {[%clk 1:07:38]} O-O-O
{[%clk 1:02:17]} 17. Ng3 {[%clk 1:06:40]} Qg8 {[%clk 1:01:56]} 18. Qa4
{[%clk 1:03:44]} Kb8 {[%clk 1:02:04]} 19. Qa3 {[%clk 1:02:39]} Bc8
{[%clk 1:02:04]} 20. Rh1 {[%clk 1:00:44]} Bg7 {[%clk 1:00:43]} 21. b4
{[%clk 0:57:39]} Bf8 {[%clk 0:58:38]} 22. Qb3 {[%clk 0:57:11]} d5
{[%clk 0:58:19]} 23. Qd1 {[%clk 0:56:22]} Bd6 {[%clk 0:57:38]} 24. Rh6
{[%clk 0:52:25]} Qf8 {[%clk 0:57:03]} 25. Qh5 {[%clk 0:51:23]} a5
{[%clk 0:56:33]} 26. a3 {[%clk 0:50:10]} Nb5 {[%clk 0:54:13]} 27. Bxb5
{[%clk 0:47:36]} cxb5 {[%clk 0:53:24]} 28. Qg6 {[%clk 0:45:46]} axb4
{[%clk 0:51:20]} 29. axb4 {[%clk 0:44:21]} Bxg3 {[%clk 0:50:59]} 30. fxg3
{[%clk 0:44:42]} Rd6 {[%clk 0:50:53]} 31. Rh7 {[%clk 0:30:05]} Rc6
{[%clk 0:48:35]} 32. Kb2 {[%clk 0:29:45]} Qd6 {[%clk 0:48:29]} 33. Nf1
{[%clk 0:23:44]} Ra6 {[%clk 0:45:27]} 34. Qe8 {[%clk 0:21:25]} Rc6
{[%clk 0:39:05]} 35. g4 {[%clk 0:20:38]} Ka7 {[%clk 0:29:28]} 36. Qe7 1-0

[Event "XIII International Chess Festival"]
[Site "Paracin"]
[Date "2020.07.04"]
[Round "2.15"]
[White "Katic, Goran"]
[Black "Todorovic, Nenad I"]
[Result "1-0"]
[BlackElo "2295"]
[WhiteElo "1967"]
[LiveChessVersion "1.4.8"]

1. e4 {[%clk 1:27:16]} c5 {[%clk 1:30:53]} 2. c3 {[%clk 1:26:08]} d5
{[%clk 1:31:14]} 3. exd5 {[%clk 1:26:29]} Qxd5 {[%clk 1:31:34]} 4. Na3
{[%clk 1:26:49]} Nc6 {[%clk 1:29:57]} 5. Nf3 {[%clk 1:27:02]} Bf5
{[%clk 1:27:05]} 6. Qb3 {[%clk 1:27:15]} Qxb3 {[%clk 0:45:28]} 7. axb3
{[%clk 1:27:33]} O-O-O {[%clk 0:30:34]} 8. Bb5 {[%clk 1:03:13]} Na5
{[%clk 0:29:24]} 9. Bc4 {[%clk 0:38:50]} a6 {[%clk 0:28:58]} 10. b4
{[%clk 0:33:36]} cxb4 {[%clk 0:26:17]} 11. cxb4 {[%clk 0:33:52]} Nxc4
{[%clk 0:26:03]} 12. Nxc4 {[%clk 0:34:14]} e6 {[%clk 0:24:49]} 13. b5
{[%clk 0:31:02]} axb5 {[%clk 0:24:07]} 14. Nce5 {[%clk 0:29:56]} Nh6
{[%clk 0:22:35]} 15. d4 {[%clk 0:29:46]} Bb4+ {[%clk 0:14:01]} 16. Ke2
{[%clk 0:28:53]} Rhf8 {[%clk 0:13:20]} 17. Bf4 {[%clk 0:20:05]} Bd6
{[%clk 0:13:36]} 18. Ra8+ {[%clk 0:04:27]} Kc7 {[%clk 0:13:45]} 19. Rc1+
{[%clk 0:04:46]} Kb6 {[%clk 0:14:00]} 20. Raa1 {[%clk 0:04:04]} Be4
{[%clk 0:07:34]} 21. d5 {[%clk 0:02:11]} Nf5 {[%clk 0:07:52]} 22. Bd2
{[%clk 0:01:13]} Bxf3+ {[%clk 0:02:57]} 23. Nxf3 {[%clk 0:01:14]} Rc8
{[%clk 0:00:47]} 24. Ba5+ {[%clk 0:01:17]} Ka7 {[%clk 0:00:44]} 25. Bc7+
{[%clk 0:01:33]} 1-0

[Event "XIII International Chess Festival"]
[Site "Paracin"]
[Date "2020.07.04"]
[Round "2.16"]
[White "Formento, Paolo"]
[Black "Petrovic, Marija"]
[Result "1-0"]
[BlackElo "1968"]
[WhiteElo "2294"]
[LiveChessVersion "1.4.8"]

1. d4 {[%clk 1:27:20]} g6 {[%clk 1:30:46]} 2. c4 {[%clk 1:26:40]} Bg7
{[%clk 1:31:11]} 3. e4 {[%clk 1:26:28]} d6 {[%clk 1:31:36]} 4. Nc3
{[%clk 1:24:44]} Nd7 {[%clk 1:31:57]} 5. Be3 {[%clk 1:24:11]} e5 {[%clk 1:31:29]}
6. d5 {[%clk 1:19:19]} Ne7 {[%clk 1:31:37]} 7. h4 {[%clk 1:19:02]} f5
{[%clk 1:31:54]} 8. Bg5 {[%clk 1:15:54]} h6 {[%clk 1:32:08]} 9. Bxe7
{[%clk 1:16:06]} Qxe7 {[%clk 1:32:31]} 10. exf5 {[%clk 1:12:12]} gxf5
{[%clk 1:32:50]} 11. Qh5+ {[%clk 1:12:28]} Qf7 {[%clk 1:33:13]} 12. Qxf7+
{[%clk 1:12:37]} Kxf7 {[%clk 1:33:40]} 13. Nb5 {[%clk 1:12:48]} a6
{[%clk 1:27:12]} 14. Nxc7 {[%clk 1:11:30]} Rb8 {[%clk 1:27:36]} 15. Ne6
{[%clk 0:36:01]} Bf6 {[%clk 1:27:58]} 16. Be2 {[%clk 0:29:43]} Nf8
{[%clk 1:25:51]} 17. Nxf8 {[%clk 0:23:22]} Rxf8 {[%clk 1:26:13]} 18. Rc1
{[%clk 0:22:28]} Bd7 {[%clk 1:26:12]} 19. b3 {[%clk 0:22:08]} Rfc8
{[%clk 1:26:02]} 20. Nf3 {[%clk 0:19:25]} e4 {[%clk 1:19:32]} 21. Nd2
{[%clk 0:19:26]} Bd4 {[%clk 1:19:08]} 22. g4 {[%clk 0:17:52]} e3 {[%clk 1:11:55]}
23. fxe3 {[%clk 0:18:09]} Bxe3 {[%clk 1:12:14]} 24. gxf5 {[%clk 0:18:11]} Rg8
{[%clk 1:03:23]} 25. Bh5+ {[%clk 0:18:04]} Kf6 {[%clk 1:01:09]} 26. Rf1
{[%clk 0:14:12]} Rg2 {[%clk 0:56:23]} 27. Rc2 {[%clk 0:14:04]} Rbg8
{[%clk 0:46:12]} 28. Ne4+ {[%clk 0:04:15]} Ke5 {[%clk 0:46:32]} 29. Rxg2
{[%clk 0:04:37]} Rxg2 {[%clk 0:46:53]} 30. f6 {[%clk 0:04:52]} Rxa2
{[%clk 0:38:52]} 31. f7 {[%clk 0:05:05]} Kxe4 {[%clk 0:39:07]} 32. f8=Q
{[%clk 0:01:56]} Ra1+ {[%clk 0:12:49]} 33. Ke2 {[%clk 0:02:09]} Ra2+
{[%clk 0:12:59]} 34. Kd1 {[%clk 0:02:06]} Kd3 {[%clk 0:06:35]} 35. Bg6+
{[%clk 0:02:12]} Kc3 {[%clk 0:06:54]} 36. Qg7+ 1-0

[Event "International OPEN "]
[Site "Paracin, Pool "]
[Date "2020.07.04"]
[Round "2.17"]
[White "Zdravkovic, Dragan S"]
[Black "Van Dael, Siem"]
[Result "0-1"]
[WhiteElo "1759"]
[BlackElo "2293"]
[PlyCount "88"]
[EventDate "2020.07.03"]

1. Nf3 Nf6 2. g3 g6 3. Bg2 Bg7 4. O-O O-O 5. c4 d6 6. d4 Bf5 7. Nc3 Ne4 8. Nh4
Nxc3 9. bxc3 Bc8 10. Qb3 Nc6 11. Rb1 e5 12. e3 Re8 13. Nf3 Rb8 14. Nd2 Bd7 15.
Qa3 a6 16. c5 Bf8 17. cxd6 cxd6 18. d5 Na5 19. c4 b5 20. cxb5 Bxb5 21. Re1 Nc4
22. Nxc4 Bxc4 23. Rxb8 Qxb8 24. e4 Qb1 25. Qa4 Rc8 26. a3 Bb3 27. Qxa6 Rxc1 28.
Rxc1 Qxc1+ 29. Bf1 Qa1 30. Kg2 Qd4 31. f3 Qb2+ 32. Kh3 Qf2 33. Qe2 Qxe2 34.
Bxe2 Ba4 35. Kg2 Bh6 36. Kf2 Bc1 37. h3 Bxa3 38. f4 Bc2 39. Kf3 f5 40. exf5
gxf5 41. fxe5 Be4+ 42. Ke3 dxe5 43. Bc4 Bc5+ 44. Ke2 Kf8 0-1

[Event "International OPEN "]
[Site "Paracin, Pool "]
[Date "2020.07.04"]
[Round "2.18"]
[White "Ivanovic, Marko"]
[Black "Jancic, Radomir"]
[Result "1/2-1/2"]
[WhiteElo "2267"]
[BlackElo "1966"]
[Annotator "milan"]
[PlyCount "98"]
[EventDate "2020.07.03"]

1. d4 Nf6 2. Bf4 e6 3. e3 b6 4. Nf3 Bb7 5. Nbd2 d6 6. Bd3 Be7 7. O-O Nbd7 8. e4
Nh5 9. Be3 Nhf6 10. Qe2 O-O 11. Rad1 e5 12. dxe5 Nxe5 13. Nxe5 dxe5 14. Nc4 Nd7
15. f4 Bf6 16. g4 exf4 17. e5 f3 18. Rxf3 Bxf3 19. Qxf3 Bg5 20. Bf5 Nxe5 21.
Bxh7+ Kh8 22. Nxe5 Bxe3+ 23. Kg2 Qf6 24. Qxe3 Kxh7 25. Qe4+ Kg8 26. Nd7 Qxb2
27. Nxf8 Rxf8 28. a4 a5 29. g5 Qc3 30. h4 Qb4 31. Rd4 Qc5 32. Rd5 Qc6 33. c4
Re8 34. Qf4 Qxa4 35. Rd2 Qc6+ 36. Kg3 a4 37. h5 Qe6 38. Kf3 Qh3+ 39. Kf2 Qe6
40. h6 Qe1+ 41. Kg2 Re2+ 42. Rxe2 Qxe2+ 43. Kg3 Qd3+ 44. Kg2 Qd6 45. Qe4 Qd2+
46. Kf3 Qd7 47. hxg7 Kxg7 48. Kf4 Qd6+ 49. Kf3 Qd1+ {(...)} 1/2-1/2

[Event "International OPEN "]
[Site "Paracin, Pool "]
[Date "2020.07.04"]
[Round "2.19"]
[White "Jurisic, Iskra"]
[Black "Krasteva, Beloslava"]
[Result "0-1"]
[WhiteElo "1756"]
[BlackElo "2246"]
[PlyCount "56"]
[EventDate "2020.07.03"]

1. d4 d5 2. c4 e6 3. Nc3 Be7 4. Nf3 Nf6 5. Bf4 O-O 6. e3 c5 7. dxc5 Bxc5 8. Qc2
Nc6 9. a3 Re8 10. O-O-O Qa5 11. cxd5 Nxd5 12. Nxd5 exd5 13. Rxd5 Bxe3+ 14. Bxe3
Qxd5 15. Bc4 Qf5 16. Bd3 Qh5 17. Bf4 Bg4 18. Ng5 h6 19. Ne4 Nd4 20. Qa4 Ne2+
21. Bxe2 Bxe2 22. Nc3 b5 23. Qc2 a5 24. Be3 Bc4 25. h3 Rac8 26. g4 Qe5 27. Kb1
b4 28. axb4 axb4 0-1

[Event "International OPEN "]
[Site "Paracin, Pool "]
[Date "2020.07.04"]
[Round "2.20"]
[White "Mitev, Valentin"]
[Black "Djordjevic, Nevena"]
[Result "1-0"]
[WhiteElo "2240"]
[BlackElo "1815"]
[PlyCount "99"]
[EventDate "2020.07.03"]

1. d4 Nf6 2. c4 e6 3. Nc3 Bb4 4. e3 O-O 5. Bd3 c5 6. Nge2 d6 7. O-O Nc6 8. Qc2
b6 9. Ne4 h6 10. Rd1 Bb7 11. dxc5 Nxe4 12. Bxe4 bxc5 13. Bd2 Qc7 14. Nc3 a6 15.
a3 Ba5 16. Rab1 Rab8 17. f4 Ne7 18. Bxb7 Rxb7 19. Ne4 Bxd2 20. Rxd2 Rd8 21.
Rbd1 Rb6 22. Qc3 Rc6 23. Ng3 f6 24. e4 Rb6 25. Qf3 Nc6 26. Ne2 e5 27. fxe5 fxe5
28. Qg4 Nd4 29. Nxd4 cxd4 30. Rc2 Rdb8 31. b4 Rc6 32. Rf1 Qe7 33. Rff2 Rcc8 34.
a4 Rf8 35. b5 Rxf2 36. Rxf2 axb5 37. cxb5 Qc7 38. Qe6+ Kh8 39. Qb3 Qc1+ 40. Rf1
Qc5 41. Kh1 Rc8 42. a5 Qc1 43. Kg1 Qc5 44. h3 d3+ 45. Kh2 d2 46. a6 Qd4 47. b6
Rc6 48. Rf8+ Kh7 49. Qg8+ Kg6 50. Qf7+ 1-0